Loading...
Fundamentals of analytical Chemistry /
| Main Author: | |
|---|---|
| Other Authors: | |
| Language: | Undetermined |
| Published: |
New York :
Harcourt ,
1976.
|
| Edition: | 7,8 |
| Subjects: |
| LEADER | 00572nam a2200181Ia 4500 | ||
|---|---|---|---|
| 001 | 126707 | ||
| 008 | 170722s9999 xx 000 0 und d | ||
| 100 | |a Skoog, Douglas A. | ||
| 245 | |a Fundamentals of analytical Chemistry / | ||
| 250 | |a 7,8 | ||
| 260 | |a New York : |b Harcourt , |c 1976. | ||
| 300 | |a xii+804 |c 23.5cms | ||
| 653 | |a Analytical Chemistry | ||
| 700 | |a West , Donald M. | ||
| 923 | |d 20080915 |n CRB/0035/0 | ||
| 942 | |c TB | ||
| 999 | |c 138554 |d 138554 | ||
| 952 | |0 0 |1 0 |4 0 |6 E_3_P4TB |7 0 |8 TB |9 195887 |a LIB |b LIB |d 2013-03-25 |e VP |o E:3 P4(TB) |p 270176 |r 2017-08-12 |v 0.00 |w 2017-08-12 |y TB | ||